Catálogo público

El indice de area foliar en el crecimiento de la pastura / (Record no. 166656)

MARC details
000 -CABECERA
campo de control de longitud fija 00726nam a2200265Ia 4500
001 - NÚMERO DE CONTROL
campo de control Z_3570
003 - IDENTIFICADOR DEL NÚMERO DE CONTROL
campo de control CHAP
005 - FECHA Y HORA DE LA ÚLTIMA TRANSACCIÓN
campo de control 20221018181423.0
007 - CAMPO FIJO DE DESCRIPCIÓN FÍSICA--INFORMACIÓN GENERAL
campo de control de longitud fija ta
008 - DATOS DE LONGITUD FIJA--INFORMACIÓN GENERAL
campo de control de longitud fija 220113s1968 mx 000 0 spa d
010 ## - NÚMERO DE CONTROL DE LA BIBLIOTECA DEL CONGRESO
Número de control de LC 166656
040 ## - FUENTE DE LA CATALOGACIÓN
Centro/agencia transcriptor CHAP
090 ## - LOCALMENTE ASIGNADO TIPO-LC NÚMERO DE CLASIFICACIÓN (OCLC); NÚMERO DE CLASIFICACIÓN LOCAL (RLIN)
Número de clasificación (OCLC) (R) ; Numero de clasificación, CALL (RLIN) (NR) R-39
100 1# - ENTRADA PRINCIPAL--NOMBRE DE PERSONA
Nombre de persona Brown, Robert Hanold
9 (RLIN) 15691
245 13 - MENCIÓN DE TÍTULO
Título El indice de area foliar en el crecimiento de la pastura /
Mención de responsabilidad, etc. por R. H. Brown y R. E. Blaser
260 ## - PUBLICACIÓN, DISTRIBUCIÓN, ETC.
Lugar de publicación, distribución, etc. Chapingo, Méx. :
Fecha de publicación, distribución, etc. 1968
300 ## - DESCRIPCIÓN FÍSICA
Extensión 30 hojas
500 ## - NOTA GENERAL
Nota general Reimpreso de: Herbage abstracts (1968) vol. 38 (1) : 1-9
650 1# - PUNTO DE ACCESO ADICIONAL DE MATERIA--TÉRMINO DE MATERIA
Término de materia o nombre geográfico como elemento de entrada Forrajes
Subdivisión general Crecimiento
9 (RLIN) 126769
650 1# - PUNTO DE ACCESO ADICIONAL DE MATERIA--TÉRMINO DE MATERIA
Término de materia o nombre geográfico como elemento de entrada Pastura
Subdivisión general Crecimiento
9 (RLIN) 140770
901 ## - ELEMENTOS DE DATOS A LOCAL LDA (RLIN)
a R-39
902 ## - ELEMENTOS DE DATOS B LOCAL, LDB (RLIN)
a A
910 ## - DATOS DE OPCIÓN DEL USUARIO (OCLC)
Datos de opción del usuario 1968
942 ## - ELEMENTOS DE PUNTO DE ACCESO ADICIONAL (KOHA)
Tipo de ítem Koha Reimpreso
Fuente del sistema de clasificación o colocación Clasificación Universidad Autónoma de Chapingo
Holdings
Estado de retiro Estado de pérdida Fuente del sistema de clasificación o colocación Estado dañado Restricciones de uso No para préstamo Código de colección Localización permanente Ubicación/localización actual Fecha de adquisición Total de préstamos Signatura topográfica completa Código de barras Fecha visto por última vez Número de copia Precio válido a partir de Tipo de ítem Koha
    Clasificación Universidad Autónoma de Chapingo   Préstamo interno   Reimpresos Zootecnia Zootecnia 09/11/2005   R-39 z_A0749 18/01/2022 1 18/01/2022 Reimpreso
    Clasificación Universidad Autónoma de Chapingo   Préstamo 5 días   Reimpresos Zootecnia Zootecnia 09/11/2005   R-39 z_A0750 18/01/2022 2 18/01/2022 Reimpreso
    Clasificación Universidad Autónoma de Chapingo   Préstamo 5 días   Reimpresos Zootecnia Zootecnia 09/11/2005   R-39 z_A0751 18/01/2022 3 18/01/2022 Reimpreso
    Clasificación Universidad Autónoma de Chapingo   Préstamo 5 días   Reimpresos Zootecnia Zootecnia 09/11/2005   R-39 z_A0752 18/01/2022 4 18/01/2022 Reimpreso
    Clasificación Universidad Autónoma de Chapingo   Préstamo 5 días   Reimpresos Zootecnia Zootecnia 09/11/2005   R-39 z_A0753 18/01/2022 5 18/01/2022 Reimpreso
    Clasificación Universidad Autónoma de Chapingo   Préstamo 5 días   Reimpresos Zootecnia Zootecnia 09/11/2005   R-39 z_A0754 18/01/2022 6 18/01/2022 Reimpreso
    Clasificación Universidad Autónoma de Chapingo   Préstamo 5 días   Reimpresos Zootecnia Zootecnia 09/11/2005   R-39 z_A0755 18/01/2022 7 18/01/2022 Reimpreso
    Clasificación Universidad Autónoma de Chapingo   Préstamo 5 días   Reimpresos Zootecnia Zootecnia 09/11/2005   R-39 z_A0756 18/01/2022 8 18/01/2022 Reimpreso
    Clasificación Universidad Autónoma de Chapingo   Préstamo 5 días   Reimpresos Zootecnia Zootecnia 09/11/2005   R-39 z_A0757 18/01/2022 9 18/01/2022 Reimpreso